00334nam a2200109Ia 4500003000900000008004100009040001600050080001500066110003000081245009700111260001600208IN-BaIIA211028s9999 xx 000 0 eng d cIIA Library a523.9bCIU aCouncil International Des 0aRelations entre les phenomenescCouncil International Des  aParisc1954